| 000 | 00590nam a22002057a 4500 | ||
|---|---|---|---|
| 003 | OSt | ||
| 005 | 20151022113002.0 | ||
| 008 | 130531s1999 sp ||||| |||| 00| 0 cat d | ||
| 020 | _a8489067570 | ||
| 040 | _cCDMR | ||
| 100 | 1 |
_9693 _aPalou, Josep |
|
| 245 | 1 | 0 |
_aEl País, la quinta columna _b: l'anticatalanisme d'esquerres _cJosep Palou |
| 260 |
_aPalma _bDocumenta Balear _c1999 |
||
| 300 | _a340 p. | ||
| 490 | 0 |
_aMenjavents _v31 |
|
| 650 | 0 | 4 |
_93379 _aNacionalisme _zCatalunya |
| 650 | 0 | 4 |
_9999 _aPeriodisme _xAspectes polítics |
| 610 | 2 |
_93256 _aDiario El País, S.L. |
|
| 942 |
_2udc _cMON |
||
| 999 |
_c6382 _d6382 |
||